[Event "ODJM C 2022"]
[Site "Willingen GER"]
[Date "2022.06.05"]
[Round "1"]
[White "Seelinger, Elina"]
[Black "Fröhlich, Niklas"]
[Result "1-0"]
[Termination "normal"]
[Board "1"]
[WhiteElo "1022"]
[BlackElo "1242"]
[WhiteClock "00:55:31"]
[BlackClock "00:17:44"]
[PlyCount "109"]
[WhiteFideId "34623485"]
[BlackFideId "16245016"]
[EventCountry "GER"]
[EventRounds "9"]
[EventType "swiss"]
[EventDate "2022.06.04"]

1. e4 {[%clk 1:30:57]} c5 {[%clk 1:30:54]} 2. Nc3 {[%clk 1:31:22]} d6 {[%clk
1:31:15]} 3. g3 {[%clk 1:31:39]} Nf6 {[%clk 1:31:12]} 4. Bg2 Nc6 5. Nge2 {[%clk
1:30:38]} e6 {[%clk 1:30:30]} 6. d3 {[%clk 1:29:37]} Be7 {[%clk 1:29:54]} 7.
O-O {[%clk 1:29:29]} d5 {[%clk 1:29:07]} 8. exd5 {[%clk 1:24:17]} exd5 {[%clk
1:27:41]} 9. d4 {[%clk 1:24:30]} Bg4 {[%clk 1:22:46]} 10. h3 {[%clk 1:20:14]}
Bh5 {[%clk 1:18:02]} 11. g4 {[%clk 1:18:21]} Bg6 {[%clk 1:18:24]} 12. a3 {[%clk
1:18:28]} cxd4 {[%clk 1:05:45]} 13. Nxd4 {[%clk 1:18:30]} Nxd4 {[%clk 1:04:55]}
14. Qxd4 {[%clk 1:18:50]} Qc7 {[%clk 0:58:07]} 15. g5 {[%clk 1:13:25]} Bc5
{[%clk 0:52:33]} 16. Qa4+ {[%clk 1:11:01]} Nd7 {[%clk 0:50:18]} 17. Re1+ {[%clk
1:10:37]} Kf8 {[%clk 0:49:28]} 18. Nxd5 {[%clk 1:09:40]} Qg3 {[%clk 0:42:59]}
19. Be3 {[%clk 1:06:57]} Bxe3 {[%clk 0:37:46]} 20. Rxe3 {[%clk 1:06:56]} Nc5
{[%clk 0:34:32]} 21. Qb4 {[%clk 1:04:43]} Qd6 {[%clk 0:32:42]} 22. Rc3 {[%clk
1:03:07]} b6 {[%clk 0:30:26]} 23. Nxb6 {[%clk 1:00:52]} Rb8 {[%clk 0:26:51]}
24. Rxc5 {[%clk 0:57:45]} axb6 {[%clk 0:26:17]} 25. Rc8+ {[%clk 0:56:15]} Ke7
{[%clk 0:26:38]} 26. Qxd6+ {[%clk 0:56:31]} Kxd6 {[%clk 0:26:59]} 27. Rxh8
{[%clk 0:56:47]} Rxh8 {[%clk 0:27:25]} 28. Rd1+ {[%clk 0:57:00]} Ke6 {[%clk
0:27:20]} 29. c3 {[%clk 0:57:13]} Kf5 {[%clk 0:26:54]} 30. Rd5+ {[%clk
0:56:39]} Kf4 {[%clk 0:27:15]} 31. Rb5 {[%clk 0:55:42]} Rb8 {[%clk 0:27:30]}
32. a4 {[%clk 0:55:49]} Bd3 {[%clk 0:27:16]} 33. Rb4+ {[%clk 0:55:41]} Kxg5
{[%clk 0:27:28]} 34. a5 {[%clk 0:55:25]} Re8 {[%clk 0:22:56]} 35. Rxb6 {[%clk
0:54:41]} Re1+ {[%clk 0:23:03]} 36. Kh2 {[%clk 0:55:05]} Re2 {[%clk 0:21:28]}
37. Rd6 {[%clk 0:54:45]} Bc2 {[%clk 0:19:54]} 38. Kg3 {[%clk 0:54:13]} h5
{[%clk 0:18:25]} 39. Rd5+ {[%clk 0:54:19]} f5 {[%clk 0:18:44]} 40. f4+ {[%clk
0:54:16]} Kg6 {[%clk 0:18:27]} 41. Rd6+ {[%clk 0:54:24]} Kh7 {[%clk 0:18:20]}
42. Bf3 {[%clk 0:53:10]} Re3 {[%clk 0:17:46]} 43. Kf2 {[%clk 0:53:17]} Re7
{[%clk 0:17:29]} 44. Bxh5 {[%clk 0:52:41]} Ra7 {[%clk 0:17:00]} 45. Rd5 {[%clk
0:52:41]} Rb7 {[%clk 0:16:59]} 46. b4 {[%clk 0:52:48]} Rc7 {[%clk 0:16:32]} 47.
Rc5 {[%clk 0:53:05]} Rxc5 {[%clk 0:16:07]} 48. bxc5 {[%clk 0:53:24]} g6 {[%clk
0:16:16]} 49. Bf3 {[%clk 0:53:43]} Bd3 {[%clk 0:16:12]} 50. c6 {[%clk 0:54:00]}
Kg7 {[%clk 0:16:25]} 51. c7 {[%clk 0:54:24]} Ba6 {[%clk 0:16:48]} 52. Be2
{[%clk 0:54:44]} Bc8 {[%clk 0:16:54]} 53. a6 {[%clk 0:55:07]} Kf7 {[%clk
0:17:19]} 54. a7 {[%clk 0:55:31]} Bb7 {[%clk 0:17:44]} 55. a8=Q 1-0

[Event "ODJM C 2022"]
[Site "Willingen GER"]
[Date "2022.06.05"]
[Round "1"]
[White "Ginschel, Leonhard"]
[Black "Direk, Oguzhan"]
[Result "1-0"]
[Termination "normal"]
[Board "2"]
[WhiteElo "1236"]
[BlackElo "1020"]
[WhiteClock "00:46:07"]
[BlackClock "01:25:12"]
[PlyCount "81"]
[WhiteFideId "16290917"]
[BlackFideId "16294343"]
[EventCountry "GER"]
[EventRounds "9"]
[EventType "swiss"]
[EventDate "2022.06.04"]

1. e4 {[%clk 1:30:58]} c5 {[%clk 1:30:49]} 2. Nf3 {[%clk 1:31:23]} Nc6 {[%clk
1:31:11]} 3. d4 {[%clk 1:31:46]} e6 {[%clk 1:30:25]} 4. Nc3 {[%clk 1:31:33]} a6
{[%clk 1:30:23]} 5. Be3 {[%clk 1:29:11]} Qc7 {[%clk 1:30:38]} 6. Bc4 {[%clk
1:25:12]} cxd4 {[%clk 1:30:16]} 7. Nxd4 {[%clk 1:22:34]} Nxd4 {[%clk 1:29:39]}
8. Qxd4 {[%clk 1:22:48]} b5 {[%clk 1:29:08]} 9. Bb3 {[%clk 1:18:34]} Bb7 {[%clk
1:26:03]} 10. Rd1 {[%clk 1:08:13]} Rd8 {[%clk 1:21:24]} 11. a4 {[%clk 0:58:39]}
Ne7 {[%clk 1:18:38]} 12. axb5 {[%clk 0:55:49]} axb5 {[%clk 1:18:59]} 13. Nxb5
{[%clk 0:56:06]} Qa5+ {[%clk 1:19:22]} 14. Nc3 {[%clk 0:55:43]} d5 {[%clk
1:19:37]} 15. Qa4+ {[%clk 0:52:55]} Qxa4 {[%clk 1:19:26]} 16. Bxa4+ {[%clk
0:52:46]} Bc6 {[%clk 1:19:45]} 17. Bxc6+ {[%clk 0:52:55]} Nxc6 {[%clk 1:20:11]}
18. exd5 {[%clk 0:53:10]} Nb4 {[%clk 1:20:27]} 19. Rd2 {[%clk 0:49:07]} exd5
{[%clk 1:20:29]} 20. O-O {[%clk 0:46:29]} Be7 {[%clk 1:20:03]} 21. Rfd1 {[%clk
0:44:59]} Bf6 {[%clk 1:19:44]} 22. Nxd5 {[%clk 0:43:13]} Nxd5 {[%clk 1:19:53]}
23. Rxd5 {[%clk 0:43:35]} Rxd5 {[%clk 1:20:22]} 24. Rxd5 {[%clk 0:43:53]} Bxb2
{[%clk 1:20:49]} 25. Rb5 {[%clk 0:44:14]} Bf6 {[%clk 1:21:10]} 26. Rb8+ {[%clk
0:44:37]} Bd8 {[%clk 1:21:31]} 27. Bb6 {[%clk 0:44:50]} Kd7 {[%clk 1:21:45]}
28. Rxd8+ {[%clk 0:45:13]} Rxd8 {[%clk 1:22:14]} 29. Bxd8 {[%clk 0:45:34]} Kxd8
{[%clk 1:22:40]} 30. Kf1 {[%clk 0:45:53]} Kd7 {[%clk 1:23:06]} 31. Ke2 {[%clk
0:46:09]} Kd6 {[%clk 1:23:32]} 32. Kd3 {[%clk 0:46:13]} f5 {[%clk 1:23:56]} 33.
Kd4 {[%clk 0:46:29]} g6 {[%clk 1:23:38]} 34. f4 {[%clk 0:46:48]} h6 {[%clk
1:23:54]} 35. g3 {[%clk 0:47:13]} g5 {[%clk 1:24:03]} 36. fxg5 {[%clk 0:46:31]}
hxg5 {[%clk 1:24:27]} 37. h3 {[%clk 0:45:40]} Ke6 {[%clk 1:24:42]} 38. c4
{[%clk 0:45:54]} Kd6 {[%clk 1:24:20]} 39. c5+ {[%clk 0:46:17]} Kc6 {[%clk
1:24:44]} 40. Ke5 {[%clk 0:45:47]} Kxc5 {[%clk 1:25:12]} 41. Kxf5 {[%clk
0:46:07]} 1-0

[Event "ODJM C 2022"]
[Site "Willingen GER"]
[Date "2022.06.05"]
[Round "1"]
[White "Weidenhöfer, Ben"]
[Black "Zinnikus, Elias"]
[Result "0-1"]
[Termination "normal"]
[Board "3"]
[WhiteElo "1044"]
[BlackElo "1282"]
[WhiteClock "00:31:43"]
[BlackClock "00:36:01"]
[PlyCount "74"]
[WhiteFideId "16273702"]
[BlackFideId "16245024"]
[EventCountry "GER"]
[EventRounds "9"]
[EventType "swiss"]
[EventDate "2022.06.04"]

1. d4 {[%clk 1:30:57]} Nf6 {[%clk 1:30:43]} 2. e3 {[%clk 1:31:18]} g6 {[%clk
1:31:05]} 3. f4 {[%clk 1:31:17]} d6 {[%clk 1:31:21]} 4. Bd3 {[%clk 1:31:06]}
Bg7 {[%clk 1:31:40]} 5. Nf3 {[%clk 1:29:33]} Bg4 {[%clk 1:29:53]} 6. h3 {[%clk
1:26:57]} Bxf3 {[%clk 1:30:07]} 7. Qxf3 {[%clk 1:27:16]} Nc6 {[%clk 1:26:09]}
8. b3 {[%clk 1:24:18]} O-O {[%clk 1:24:45]} 9. Nd2 {[%clk 1:20:27]} Rb8 {[%clk
1:23:28]} 10. Bb2 {[%clk 1:19:50]} Re8 {[%clk 1:20:47]} 11. Bc3 {[%clk
1:18:11]} e5 {[%clk 1:16:17]} 12. O-O-O {[%clk 1:15:58]} Qe7 {[%clk 1:14:35]}
13. Bb5 {[%clk 1:03:48]} e4 {[%clk 1:13:29]} 14. Qg3 {[%clk 0:59:27]} Nd5
{[%clk 1:09:24]} 15. Kb2 {[%clk 0:55:34]} Nxc3 {[%clk 1:08:53]} 16. Kxc3 {[%clk
0:55:54]} d5 {[%clk 1:07:47]} 17. Kb2 {[%clk 0:52:27]} Bf8 {[%clk 1:06:10]} 18.
Nb1 {[%clk 0:51:03]} Qd6 {[%clk 1:02:48]} 19. h4 {[%clk 0:50:19]} h5 {[%clk
1:01:30]} 20. Rdf1 {[%clk 0:46:35]} a6 {[%clk 1:00:58]} 21. Be2 {[%clk
0:44:57]} Bg7 {[%clk 0:57:27]} 22. Qg5 {[%clk 0:41:06]} Ne7 {[%clk 0:46:03]}
23. Qg3 {[%clk 0:37:38]} Nf5 {[%clk 0:45:12]} 24. Qf2 {[%clk 0:37:36]} c5
{[%clk 0:42:55]} 25. c3 {[%clk 0:36:24]} cxd4 {[%clk 0:41:51]} 26. cxd4 {[%clk
0:35:52]} Rbc8 {[%clk 0:39:17]} 27. Rc1 {[%clk 0:34:44]} Nxd4 {[%clk 0:38:33]}
28. exd4 {[%clk 0:33:01]} e3 {[%clk 0:38:43]} 29. Qf3 {[%clk 0:32:42]} Bxd4+
{[%clk 0:38:58]} 30. Nc3 {[%clk 0:33:01]} Re4 {[%clk 0:37:51]} 31. f5 {[%clk
0:32:26]} Rf4 {[%clk 0:37:40]} 32. Qg3 {[%clk 0:32:42]} Rxc3 {[%clk 0:36:21]}
33. Rxc3 {[%clk 0:32:30]} Bxc3+ {[%clk 0:36:41]} 34. Kxc3 {[%clk 0:32:31]} Rc4+
{[%clk 0:36:36]} 35. Bxc4 {[%clk 0:32:15]} Qxg3 {[%clk 0:36:56]} 36. Bxd5
{[%clk 0:31:30]} Qe5+ {[%clk 0:36:01]} 37. Kc4 {[%clk 0:31:43]} b5+ {[%clk
0:36:01]} 0-1

[Event "ODJM C 2022"]
[Site "Willingen GER"]
[Date "2022.06.05"]
[Round "1"]
[White "Akcapinar, Timur"]
[Black "Schilay, Vinzenz"]
[Result "0-1"]
[Termination "normal"]
[Board "4"]
[WhiteElo "1278"]
[BlackElo "1003"]
[WhiteClock "00:26:13"]
[BlackClock "01:24:47"]
[PlyCount "54"]
[WhiteFideId "16287509"]
[BlackFideId "12983209"]
[EventCountry "GER"]
[EventRounds "9"]
[EventType "swiss"]
[EventDate "2022.06.04"]

1. e4 {[%clk 1:30:57]} e5 {[%clk 1:30:55]} 2. f4 {[%clk 1:31:13]} Nc6 {[%clk
1:31:19]} 3. Nf3 {[%clk 1:31:23]} g6 {[%clk 1:31:32]} 4. Bc4 {[%clk 1:29:36]}
Bg7 {[%clk 1:31:26]} 5. Nc3 {[%clk 1:28:45]} d6 {[%clk 1:31:18]} 6. O-O {[%clk
1:28:21]} Bg4 {[%clk 1:31:26]} 7. h3 {[%clk 1:28:18]} Be6 {[%clk 1:31:45]} 8.
d3 {[%clk 1:27:22]} Qd7 {[%clk 1:31:12]} 9. Bxe6 fxe6 10. fxe5 {[%clk 1:20:39]}
dxe5 {[%clk 1:31:26]} 11. Be3 {[%clk 1:19:11]} O-O-O {[%clk 1:31:39]} 12. Qd2
{[%clk 1:11:58]} Nge7 {[%clk 1:31:22]} 13. a3 {[%clk 1:08:25]} Rhf8 {[%clk
1:29:46]} 14. b4 a6 {[%clk 1:28:50]} 15. b5 {[%clk 1:04:30]} Nb8 {[%clk
1:27:42]} 16. a4 {[%clk 0:58:03]} a5 {[%clk 1:26:30]} 17. b6 {[%clk 0:50:29]}
Nbc6 {[%clk 1:25:57]} 18. Nb5 {[%clk 0:47:21]} Nd4 {[%clk 1:24:25]} 19. bxc7
{[%clk 0:39:38]} Rde8 {[%clk 1:24:12]} 20. Bxd4 {[%clk 0:36:36]} exd4 {[%clk
1:24:11]} 21. Na7+ {[%clk 0:35:20]} Kxc7 {[%clk 1:24:04]} 22. Qxa5+ {[%clk
0:35:38]} b6 {[%clk 1:24:10]} 23. Nb5+ {[%clk 0:30:07]} Kc6 {[%clk 1:24:04]}
24. Qa6 {[%clk 0:26:56]} Ra8 {[%clk 1:24:11]} 25. Nbxd4+ {[%clk 0:26:36]} Bxd4+
{[%clk 1:24:21]} 26. Nxd4+ {[%clk 0:25:52]} Qxd4+ {[%clk 1:24:24]} 27. Kh1
{[%clk 0:26:13]} Rxa6 {[%clk 1:24:47]} 0-1

[Event "ODJM C 2022"]
[Site "Willingen GER"]
[Date "2022.06.05"]
[Round "1"]
[White "Aguike, Chidera"]
[Black "Hasselmann, Isabelle Sophia"]
[Result "1-0"]
[Termination "normal"]
[Board "5"]
[WhiteElo "1266"]
[BlackElo "1270"]
[WhiteClock "01:23:35"]
[BlackClock "01:23:07"]
[PlyCount "109"]
[WhiteFideId "34611339"]
[BlackFideId "16266951"]
[EventCountry "GER"]
[EventRounds "9"]
[EventType "swiss"]
[EventDate "2022.06.04"]

1. e4 {[%clk 1:30:56]} e6 {[%clk 1:30:56]} 2. d4 {[%clk 1:31:19]} d5 {[%clk
1:31:21]} 3. e5 {[%clk 1:31:28]} c5 {[%clk 1:31:46]} 4. Nf3 {[%clk 1:31:22]}
Nc6 {[%clk 1:32:09]} 5. c3 {[%clk 1:31:36]} Qb6 {[%clk 1:32:34]} 6. dxc5 {[%clk
1:30:57]} Bxc5 {[%clk 1:32:55]} 7. Qe2 {[%clk 1:31:00]} a5 {[%clk 1:31:02]} 8.
Be3 {[%clk 1:31:07]} Bxe3 {[%clk 1:30:48]} 9. fxe3 {[%clk 1:31:26]} Qc7 {[%clk
1:30:34]} 10. e4 {[%clk 1:31:13]} Nxe5 {[%clk 1:29:32]} 11. exd5 {[%clk
1:31:19]} Nxf3+ {[%clk 1:29:52]} 12. gxf3 {[%clk 1:31:40]} Nf6 {[%clk 1:29:47]}
13. dxe6 {[%clk 1:31:43]} Bxe6 {[%clk 1:30:07]} 14. Nd2 {[%clk 1:31:53]} O-O
{[%clk 1:30:12]} 15. Qg2 {[%clk 1:31:21]} Rfe8 {[%clk 1:29:33]} 16. Be2 {[%clk
1:31:31]} Bf5 {[%clk 1:29:31]} 17. Rg1 {[%clk 1:31:22]} Bg6 {[%clk 1:29:53]}
18. O-O-O {[%clk 1:31:12]} Rad8 {[%clk 1:29:55]} 19. Bb5 {[%clk 1:30:51]} Re6
{[%clk 1:29:10]} 20. Qg3 {[%clk 1:29:53]} Qe5 {[%clk 1:26:51]} 21. Qxe5 {[%clk
1:29:20]} Rxe5 {[%clk 1:26:50]} 22. Nb3 {[%clk 1:26:06]} Rf8 {[%clk 1:24:50]}
23. Bd3 {[%clk 1:25:42]} b6 {[%clk 1:23:46]} 24. Bxg6 {[%clk 1:25:01]} fxg6
{[%clk 1:24:09]} 25. Rge1 {[%clk 1:24:41]} Rxe1 {[%clk 1:23:32]} 26. Rxe1
{[%clk 1:25:02]} Nd5 {[%clk 1:23:38]} 27. Nd4 {[%clk 1:25:00]} Nf4 {[%clk
1:23:27]} 28. Kd2 {[%clk 1:25:14]} Rf6 {[%clk 1:22:41]} 29. a3 {[%clk 1:24:50]}
Kf7 {[%clk 1:22:15]} 30. b4 {[%clk 1:24:55]} Ng2 {[%clk 1:22:18]} 31. Re2
{[%clk 1:24:59]} Nh4 {[%clk 1:22:29]} 32. Ke3 {[%clk 1:24:42]} Nf5+ {[%clk
1:22:10]} 33. Nxf5 {[%clk 1:24:53]} Rxf5 34. Kf2 {[%clk 1:24:59]} h5 {[%clk
1:22:29]} 35. Re4 {[%clk 1:25:10]} Rd5 {[%clk 1:21:44]} 36. Ke3 {[%clk
1:25:22]} Kf6 {[%clk 1:21:34]} 37. Ke2 {[%clk 1:25:45]} g5 {[%clk 1:21:19]} 38.
Rd4 {[%clk 1:26:08]} Re5+ {[%clk 1:21:37]} 39. Kd3 {[%clk 1:26:16]} Ke6 {[%clk
1:20:46]} 40. Re4 {[%clk 1:26:33]} Rxe4 {[%clk 1:20:59]} 41. Kxe4 {[%clk
1:26:56]} axb4 {[%clk 1:20:52]} 42. cxb4 {[%clk 1:26:28]} b5 {[%clk 1:21:03]}
43. h3 {[%clk 1:26:24]} g6 {[%clk 1:21:17]} 44. Kd4 {[%clk 1:26:20]} Kf5 {[%clk
1:19:48]} 45. Kc5 {[%clk 1:22:29]} g4 {[%clk 1:20:08]} 46. fxg4+ {[%clk
1:22:06]} hxg4 {[%clk 1:20:29]} 47. hxg4+ Kxg4 48. Kxb5 {[%clk 1:22:06]} g5
{[%clk 1:20:50]} 49. Kc6 {[%clk 1:22:24]} Kf3 {[%clk 1:21:01]} 50. b5 {[%clk
1:22:26]} g4 {[%clk 1:21:28]} 51. b6 {[%clk 1:22:47]} g3 {[%clk 1:21:56]} 52.
b7 {[%clk 1:23:01]} g2 {[%clk 1:22:22]} 53. b8=Q {[%clk 1:23:15]} g1=Q {[%clk
1:22:47]} 54. Qf8+ {[%clk 1:23:23]} Ke3 {[%clk 1:23:07]} 55. Qc5+ {[%clk
1:23:35]} 1-0

[Event "ODJM C 2022"]
[Site "Willingen GER"]
[Date "2022.06.05"]
[Round "1"]
[White "Roth, Jonas"]
[Black "Winkler, Frida"]
[Result "1-0"]
[Termination "normal"]
[Board "6"]
[WhiteElo "1239"]
[BlackElo "960"]
[WhiteClock "01:24:07"]
[BlackClock "01:24:49"]
[PlyCount "103"]
[WhiteFideId "34623515"]
[BlackFideId "34622322"]
[EventCountry "GER"]
[EventRounds "9"]
[EventType "swiss"]
[EventDate "2022.06.04"]

1. d4 {[%clk 1:30:57]} d5 {[%clk 1:30:54]} 2. c4 {[%clk 1:31:10]} Nf6 {[%clk
1:31:04]} 3. Nc3 {[%clk 1:31:33]} e6 {[%clk 1:30:51]} 4. Bf4 {[%clk 1:31:34]}
dxc4 {[%clk 1:30:21]} 5. e3 {[%clk 1:31:55]} Bd6 {[%clk 1:29:46]} 6. Bg3 {[%clk
1:32:08]} O-O {[%clk 1:29:58]} 7. Bxc4 {[%clk 1:32:31]} b6 {[%clk 1:29:48]} 8.
Qf3 {[%clk 1:32:31]} Bd7 {[%clk 1:29:52]} 9. Qxa8 {[%clk 1:31:12]} Bc6 {[%clk
1:30:01]} 10. Qxa7 {[%clk 1:31:27]} Bxg2 {[%clk 1:30:10]} 11. f3 {[%clk
1:29:28]} Bxh1 {[%clk 1:29:58]} 12. Kf2 {[%clk 1:29:11]} Nc6 {[%clk 1:29:19]}
13. Qa4 {[%clk 1:29:00]} Nb4 {[%clk 1:27:33]} 14. a3 {[%clk 1:28:57]} Nbd5
{[%clk 1:26:36]} 15. Bxd5 {[%clk 1:29:01]} exd5 {[%clk 1:26:55]} 16. Nge2
{[%clk 1:28:56]} Bxf3 {[%clk 1:26:37]} 17. Kxf3 {[%clk 1:29:10]} Nh5 {[%clk
1:26:16]} 18. Bxd6 {[%clk 1:28:12]} Qxd6 {[%clk 1:26:36]} 19. Ng3 {[%clk
1:28:02]} Qf6+ {[%clk 1:26:46]} 20. Ke2 {[%clk 1:28:03]} Nxg3+ {[%clk 1:26:18]}
21. hxg3 {[%clk 1:28:24]} c6 {[%clk 1:25:59]} 22. Rh1 {[%clk 1:27:41]} Re8
{[%clk 1:25:44]} 23. Qc2 {[%clk 1:27:47]} Qe6 {[%clk 1:25:15]} 24. Qxh7+ {[%clk
1:27:51]} Kf8 {[%clk 1:25:30]} 25. Qh8+ {[%clk 1:26:50]} Ke7 {[%clk 1:25:42]}
26. Qh4+ {[%clk 1:27:16]} Kd7 {[%clk 1:25:53]} 27. Qf4 {[%clk 1:27:02]} c5
{[%clk 1:23:46]} 28. Nb5 {[%clk 1:26:32]} Kc6 {[%clk 1:23:34]} 29. a4 {[%clk
1:26:18]} Qe7 {[%clk 1:23:00]} 30. Rc1 {[%clk 1:25:28]} Ra8 {[%clk 1:22:53]}
31. dxc5 {[%clk 1:25:15]} bxc5 {[%clk 1:23:02]} 32. b3 {[%clk 1:24:37]} Ra5
{[%clk 1:23:20]} 33. g4 {[%clk 1:22:46]} Kb6 {[%clk 1:23:08]} 34. Qd6+ {[%clk
1:22:38]} Qxd6 {[%clk 1:23:06]} 35. Nxd6 {[%clk 1:22:59]} f6 {[%clk 1:23:11]}
36. Kd3 {[%clk 1:22:12]} Kc6 {[%clk 1:23:13]} 37. Nf5 {[%clk 1:22:20]} g6
{[%clk 1:23:17]} 38. Ne7+ {[%clk 1:22:43]} Kd6 {[%clk 1:23:32]} 39. Nxg6 {[%clk
1:23:01]} c4+ {[%clk 1:23:41]} 40. bxc4 {[%clk 1:23:08]} dxc4+ {[%clk 1:23:57]}
41. Rxc4 {[%clk 1:23:33]} Rg5 {[%clk 1:24:03]} 42. Nh4 {[%clk 1:23:41]} Rd5+
{[%clk 1:24:15]} 43. Rd4 {[%clk 1:23:53]} Rxd4+ {[%clk 1:24:23]} 44. Kxd4
{[%clk 1:24:13]} Ke7 {[%clk 1:23:07]} 45. a5 {[%clk 1:24:23]} Kf7 {[%clk
1:23:15]} 46. a6 {[%clk 1:24:36]} Kg7 {[%clk 1:23:39]} 47. a7 {[%clk 1:24:59]}
Kh6 {[%clk 1:24:02]} 48. a8=Q Kg5 {[%clk 1:24:21]} 49. Ke4 {[%clk 1:24:31]}
Kxh4 {[%clk 1:24:35]} 50. Kf4 {[%clk 1:23:43]} Kh3 {[%clk 1:24:31]} 51. Qf3+
{[%clk 1:23:45]} Kh4 {[%clk 1:24:49]} 52. Qg3# {[%clk 1:24:07]} 1-0

[Event "ODJM C 2022"]
[Site "Willingen GER"]
[Date "2022.06.05"]
[Round "1"]
[White "Moissl, Julian"]
[Black "Klockhaus, Daniel"]
[Result "1/2-1/2"]
[Termination "normal"]
[Board "7"]
[WhiteElo "1146"]
[BlackElo "1451"]
[WhiteClock "00:19:45"]
[BlackClock "00:18:20"]
[PlyCount "43"]
[WhiteFideId "16295129"]
[BlackFideId "16299132"]
[EventCountry "GER"]
[EventRounds "9"]
[EventType "swiss"]
[EventDate "2022.06.04"]

1. d4 {[%clk 1:30:57]} c6 {[%clk 1:30:55]} 2. c4 {[%clk 1:31:17]} d5 {[%clk
1:31:18]} 3. Nc3 {[%clk 1:31:20]} Bf5 {[%clk 1:31:02]} 4. Nf3 {[%clk 1:29:52]}
e6 {[%clk 1:31:13]} 5. Bf4 {[%clk 1:27:58]} Nf6 {[%clk 1:30:52]} 6. e3 {[%clk
1:25:22]} c5 {[%clk 1:28:13]} 7. Bd3 {[%clk 1:22:42]} Bxd3 {[%clk 1:26:44]} 8.
Qxd3 {[%clk 1:22:32]} Nc6 {[%clk 1:12:03]} 9. O-O {[%clk 1:13:57]} g6 {[%clk
0:55:19]} 10. Rfe1 {[%clk 1:09:39]} Bg7 {[%clk 0:55:29]} 11. Nb5 {[%clk
1:04:12]} O-O {[%clk 0:47:02]} 12. Rac1 {[%clk 0:54:21]} a6 {[%clk 0:44:29]}
13. Nd6 {[%clk 0:50:20]} b6 {[%clk 0:34:04]} 14. cxd5 {[%clk 0:39:13]} Nb4
{[%clk 0:29:58]} 15. Qb3 {[%clk 0:34:28]} Nbxd5 {[%clk 0:30:16]} 16. Bg3 {[%clk
0:31:58]} Nh5 {[%clk 0:28:05]} 17. Ne4 {[%clk 0:28:37]} Nxg3 {[%clk 0:27:55]}
18. Nxg3 {[%clk 0:28:55]} Rc8 {[%clk 0:24:04]} 19. Ne4 {[%clk 0:26:41]} c4
{[%clk 0:23:03]} 20. Rxc4 {[%clk 0:24:59]} b5 {[%clk 0:23:26]} 21. Rc2 {[%clk
0:23:50]} Re8 {[%clk 0:18:20]} 22. Rec1 {[%clk 0:19:45]} 1/2-1/2

[Event "ODJM C 2022"]
[Site "Willingen GER"]
[Date "2022.06.05"]
[Round "1"]
[White "Bücker, Phil"]
[Black "Yan, Haichen"]
[Result "1-0"]
[Termination "normal"]
[Board "9"]
[WhiteElo "933"]
[BlackElo "1188"]
[PlyCount "29"]
[WhiteFideId "34623841"]
[BlackFideId "34607951"]
[EventCountry "GER"]
[EventRounds "9"]
[EventType "swiss"]
[EventDate "2022.06.04"]

{normal} 1. d4 d5 2. Nc3 e6 3. Bf4 Bb4 4. e3 Nf6 5. Bd3 b6 6. a3 Bxc3+ 7. bxc3
c5 8. c4 dxc4 9. Bxc4 O-O 10. Qf3 Nd5 11. Bd3 cxd4 12. exd4 Nc6 13. c4 Nxd4 14.
Qe4 Nxf4 15. Qxh7# 1-0

[Event "ODJM C 2022"]
[Site "Willingen GER"]
[Date "2022.06.05"]
[Round "1"]
[White "Hildebrand, Azat"]
[Black "Fize, Aleksandrs"]
[Result "1-0"]
[Termination "normal"]
[Board "10"]
[WhiteElo "1190"]
[BlackElo "933"]
[PlyCount "101"]
[WhiteFideId "34607536"]
[BlackFideId "34623779"]
[EventCountry "GER"]
[EventRounds "9"]
[EventType "swiss"]
[EventDate "2022.06.04"]

{normal} 1. d4 d5 2. Nf3 Nf6 3. e3 e6 4. Bd3 c6 5. Nbd2 Nbd7 6. Qe2 c5 7. c3 c4
8. Bc2 Bd6 9. O-O e5 10. e4 dxe4 11. Nxe4 Nxe4 12. Qxe4 Nf6 13. Qe2 e4 14. Bxe4
Nxe4 15. Qxe4+ Kf8 16. Qe2 Bg4 17. h3 Bxf3 18. Qxf3 Qc7 19. Bd2 Qb6 20. Rab1
Bc7 21. b3 Qd6 22. g3 cxb3 23. Rxb3 Rb8 24. Rxb7 Rxb7 25. Qxb7 Bd8 26. Bf4 Qe7
27. Qxe7+ Bxe7 28. Re1 f6 29. Rb1 Kf7 30. Rb7 Rd8 31. Rxa7 g5 32. Bc1 Rb8 33.
Ba3 Re8 34. Bxe7 Rxe7 35. Rxe7+ Kxe7 36. c4 Kd6 37. d5 h5 38. a4 Kc7 39. c5 Kb7
40. c6+ Kc7 41. a5 Kb8 42. d6 Kc8 43. d7+ Kd8 44. a6 Kc7 45. a7 Kxc6 46. d8=Q
Kb7 47. a8=R h4 48. Qc8+ Kb6 49. Rb8+ Ka5 50. Qc5+ Ka4 51. Qb4# 1-0

[Event "ODJM C 2022"]
[Site "Willingen GER"]
[Date "2022.06.05"]
[Round "1"]
[White "Lau, Lars"]
[Black "Burdett, Sabah"]
[Result "1/2-1/2"]
[Termination "normal"]
[Board "11"]
[WhiteElo "929"]
[BlackElo "1247"]
[PlyCount "147"]
[WhiteFideId "34623663"]
[BlackFideId "16267702"]
[EventCountry "GER"]
[EventRounds "9"]
[EventType "swiss"]
[EventDate "2022.06.04"]

1. c4 e5 2. Nc3 Nc6 3. e3 Nf6 4. b3 b6 5. Nf3 Bb7 6. Bb2 d6 7. d4 Ne7 8. dxe5
Bxf3 9. Qxf3 dxe5 10. Rd1 Qc8 11. Nd5 Nexd5 12. cxd5 Bb4+ 13. Rd2 Bxd2+ 14.
Kxd2 e4 15. Bb5+ Kf8 16. Qg3 Qd8 17. Ke2 Qxd5 18. Bc4 Qd7 19. Bxf6 gxf6 20. Rd1
Qe7 21. Bb5 Qe5 22. Qxe5 fxe5 23. Rd7 c5 24. Bc6 Rb8 25. Rxa7 Kg7 26. Bxe4 Kf6
27. g4 h6 28. f4 exf4 29. exf4 Rhe8 30. Kf3 Red8 31. h4 Rd1 32. g5+ hxg5 33.
hxg5+ Kg7 34. Ke2 Rd4 35. Kf3 Re8 36. Bc2 Kg8 37. g6 fxg6 38. Bxg6 Re6 39. f5
Rf6 40. Ra8+ Rf8 41. Ra7 Rf6 42. Ra8+ Kg7 43. Rb8 c4 44. Rb7+ Kf8 45. Ke3 Rh4
46. bxc4 Rxc4 47. Rb8+ Ke7 48. Re8+ Kd7 49. Ra8 Kd6 50. Rd8+ Kc7 51. Ra8 b5 52.
Ra7+ Kd8 53. Rb7 b4 54. Kd3 Rh4 55. Kc2 Rc6+ 56. Kb3 Rc3+ 57. Ka4 Ra3+ 58. Kb5
Rxa2 59. Kc6 Ra6+ 60. Kb5 Rf6 61. Ka4 Rf4 62. Rb5 Ra6+ 63. Kb3 Ra3+ 64. Kb2
Rf2+ 65. Kb1 b3 66. Rd5+ Ke7 67. Re5+ Kf6 68. Re6+ Kg5 69. Rb6 Re2 70. Bf7 b2
71. Rxb2 Rxb2+ 72. Kxb2 Ra5 73. Be6 Rc5 74. Kb3 1/2-1/2

[Event "ODJM C 2022"]
[Site "Willingen GER"]
[Date "2022.06.05"]
[Round "1"]
[White "Hapke, Marvin"]
[Black "Moissl, Felix"]
[Result "0-1"]
[Termination "normal"]
[Board "12"]
[WhiteElo "1262"]
[BlackElo "928"]
[PlyCount "72"]
[WhiteFideId "12996580"]
[BlackFideId "34623574"]
[EventCountry "GER"]
[EventRounds "9"]
[EventType "swiss"]
[EventDate "2022.06.04"]

1. e4 d5 2. exd5 Nf6 3. c4 c6 4. dxc6 Nxc6 5. d4 Qxd4 6. Qxd4 Nxd4 7. Bd3 b6 8.
Ne2 Nxe2 9. Bxe2 Bb7 10. O-O e5 11. Be3 Bd6 12. Nc3 O-O 13. Rad1 Bb4 14. Nb5
Rfd8 15. a3 Be7 16. f4 e4 17. f5 a6 18. Nc7 Rab8 19. Bf4 Rbc8 20. Be5 h6 21.
Bxf6 Bxf6 22. Nd5 Bxd5 23. Rxd5 Rxd5 24. cxd5 Rc2 25. Bxa6 Rd2 26. Bb7 Bxb2 27.
a4 Ba3 28. h4 e3 29. Kh2 e2 30. Re1 Bb4 31. Ba6 Rxd5 32. Rxe2 Rxf5 33. Kh3 g5
34. Re8+ Kg7 35. h5 Rf4 36. Rb8 Rh4+ 0-1